| 000 | 00971nam a2200241 a 4500 | ||
|---|---|---|---|
| 001 | BRCA_941 | ||
| 005 | 20190320203220.0 | ||
| 008 | 940420s1993 mx-a---##b---#001-0#spa-# | ||
| 020 | _a9683629253 | ||
| 040 |
_aDLC _cDLC |
||
| 050 | 4 |
_aHD1471.M4 _b.C87 1993 |
|
| 100 | 1 |
_aCuriel, Gustavo _92378 |
|
| 245 | 1 | 0 |
_aLos bienes del mayorazgo de los Cortés del Rey en 1729 _bla casa de San José del Parral y las haciendas del Río Conchos, Chihuahua _cGustavo Curiel. |
| 260 |
_aMéxico _bUNAM, Instituto de Investigaciones Estéticas _c1993 |
||
| 300 |
_a90 p. _bil. _c23 cm. |
||
| 440 | 0 |
_aEstudios y fuentes del arte en México _v50 _93111 |
|
| 500 | _aIncluye índice de nombres y glosario | ||
| 504 | _aBibliografía: p. 81-83 | ||
| 650 | 1 | 4 |
_aHaciendas _xHistoria _ySiglo XVIII _zMéxico _93112 |
| 650 | 1 | 4 |
_aMobiliario de la casa _xInventario _zMéxico _93113 |
| 650 | 1 | 4 |
_aInventario de los estados de los descendientes _xHistoria _ySiglo XVIII _zMéxico _93114 |
| 942 |
_2lcc _cB |
||
| 999 |
_c830 _d830 |
||